The carer's handbook : essential information and support for all those in a caring role
| Main Author: | Matthews, Jane |
|---|---|
| Published: |
Oxford:
How To Books Ltd.,
2007.
|
| Edition: | 2nd. ed. |
| Subjects: |
| LEADER | 00521cam a2200157 7i4500 | ||
|---|---|---|---|
| 001 | 0000041386 | ||
| 005 | 20111215090000.0 | ||
| 020 | |a 9781845281946 (pbk.) | ||
| 090 | 0 | 0 | |a HQ755.86 |b .M32 2007 |
| 100 | 1 | |a Matthews, Jane | |
| 245 | 1 | 4 | |a The carer's handbook : |b essential information and support for all those in a caring role |c Jane Matthew. |
| 250 | |a 2nd. ed. | ||
| 260 | |a Oxford: |b How To Books Ltd., |c 2007. | ||
| 300 | |a x, 182 p.; |c 24 cm. | ||
| 650 | 0 | 0 | |a Caregivers |
| 999 | |a 0000001496 |b BOK |c REFERENCE |e Ground Floor, Bestari Jaya | ||


